[Event "11eme Open International de Saint-Affri"]
[Site "SAINT-AFFRIQUE (12)"]
[Date "????.??.??"]
[Round "4.10"]
[White "Sorbe, Stephane"]
[Black "Ninov, Nikolai"]
[Result "1-0"]
[WhiteElo "2258"]
[BlackElo "2453"]
[PlyCount "105"]

1. e4 c5 2. Nc3 Nc6 3. g3 g6 4. Bg2 Bg7 5. d3 d6 6. f4 b6 7. Nf3 Bb7 8. O-O Qd7
9. Be3 Nd4 10. Rb1 f5 11. exf5 Nxf5 12. Bf2 Ngh6 13. h3 O-O 14. Ne4 Nf7 15. c3
d5 16. Neg5 d4 17. Nxf7 Rxf7 18. Ng5 Bxg2 19. Kxg2 Rff8 20. Qb3+ Kh8 21. Nf7+
Rxf7 22. Qxf7 dxc3 23. bxc3 Qxd3 24. Rfe1 Rf8 25. Qe6 Bxc3 26. Rbd1 Qa6 27. Re4
Bf6 28. Rd7 Nd6 29. Re1 Qa4 30. Kh2 c4 31. Rxe7 Qxa2 32. Re2 Qa3 33. Rd7 Nf5
34. Rc7 Qd6 35. Qxc4 b5 36. Qc5 Qxc5 37. Bxc5 Rd8 38. Rxa7 h5 39. g4 hxg4 40.
hxg4 Nd4 41. Bxd4 Bxd4 42. Rb7 Bc5 43. Rxb5 Bd6 44. Kg3 Rf8 45. Re4 Kg7 46.
Rb7+ Kg8 47. Rb6 Rf6 48. Rb5 Rf7 49. g5 Kg7 50. Kg4 Kh7 51. Rb6 Bc5 52. Rc6 Bg1
53. Rec4 1-0

[Event "11eme Open International de Saint-Affri"]
[Site "SAINT-AFFRIQUE (12)"]
[Date "????.??.??"]
[Round "4.15"]
[White "Santo-Roman, Marc"]
[Black "Petrossian, Armen"]
[Result "0-1"]
[WhiteElo "2381"]
[BlackElo "2230"]
[PlyCount "94"]

1. e4 e5 2. Nf3 Nc6 3. Bb5 a6 4. Bxc6 dxc6 5. O-O Bg4 6. h3 h5 7. d3 Qf6 8.
Nbd2 Ne7 9. Re1 Be6 10. Nf1 Bd7 11. d4 exd4 12. Bg5 Qd6 13. e5 Qg6 14. Qxd4 Nf5
15. Qf4 Be6 16. N1d2 Be7 17. Ne4 O-O-O 18. Rad1 Rxd1 19. Rxd1 Bd5 20. Re1 Re8
21. Bxe7 Rxe7 22. b3 Be6 23. Nc5 Bd5 24. Kf1 Bxf3 25. Qxf3 Nd4 26. Qc3 Ne6 27.
Nxb7 Nf4 28. g3 Nd5 29. Nd6+ Kd7 30. Qd4 cxd6 31. c4 Nc7 32. Rd1 d5 33. cxd5
cxd5 34. Rc1 Re6 35. Qa4+ Rc6 36. Rc5 Qe6 37. Kg2 Nb5 38. Rxc6 Qxc6 39. Qf4 d4+
40. Kh2 Qe6 41. a4 Nc7 42. Qxd4+ Qd5 43. Qc3 Ne6 44. h4 Nd4 45. b4 Nf3+ 46. Kg2
Nxh4+ 47. Kf1 Qd1+ 0-1

[Event "11eme Open International de Saint-Affri"]
[Site "SAINT-AFFRIQUE (12)"]
[Date "????.??.??"]
[Round "4.46"]
[White "Fougerit, Valentin"]
[Black "Chaplin, Erik"]
[Result "0-1"]
[WhiteElo "2058"]
[BlackElo "2139"]
[PlyCount "34"]

1. e4 Nc6 2. d4 d5 3. e5 Bf5 4. c3 e6 5. Ne2 f6 6. f4 fxe5 7. dxe5 Qh4+ 8. g3
Qh5 9. Bg2 Bh3 10. O-O Bg4 11. Kf2 Bc5+ 12. Be3 Bxe3+ 13. Kxe3 Qxh2 14. Kf2 Bh3
15. Rg1 Nh6 16. Nd2 Ng4+ 17. Kf3 O-O 0-1

[Event "11eme Open International de Saint-Affri"]
[Site "SAINT-AFFRIQUE (12)"]
[Date "????.??.??"]
[Round "5.1"]
[White "Kosten, Anthony C"]
[Black "Gozzoli, Yannick"]
[Result "1-0"]
[WhiteElo "2514"]
[BlackElo "2445"]
[PlyCount "127"]

1. Nf3 Nf6 2. c4 Nc6 3. g3 e5 4. Bg2 g6 5. O-O Bg7 6. Nc3 O-O 7. d3 h6 8. Rb1
a5 9. a3 d6 10. b4 axb4 11. axb4 Be6 12. e4 Nd7 13. Nd5 Ne7 14. Nh4 Kh7 15. Kh1
Bxd5 16. cxd5 f5 17. exf5 Nxf5 18. Nxf5 gxf5 19. f4 Qe8 20. Qc2 Rc8 21. fxe5
Nxe5 22. d4 Ng6 23. Bb2 Qb5 24. Rxf5 Rxf5 25. Qxf5 Rf8 26. Qc2 Rf6 27. Be4 h5
28. Rg1 Qe8 29. Bc1 Bh6 30. Bxh6 Kxh6 31. Qc1+ Kg7 32. Qxc7+ Kh6 33. Qc2 Qb5
34. Qd2+ Kg7 35. Kg2 Rf7 36. Re1 Rf6 37. Qd3 Qe8 38. Re2 Ne7 39. Qe3 Qf7 40.
Bf3 Nf5 41. Qg5+ Rg6 42. Qf4 Rf6 43. Re6 Rxe6 44. dxe6 Qxe6 45. Qg5+ Kf8 46.
Qxh5 Ne3+ 47. Kf2 Nf5 48. Qg5 Qa2+ 49. Kg1 Qe6 50. Qf4 Kg8 51. Qd2 b6 52. Kg2
Ne3+ 53. Kf2 Ng4+ 54. Bxg4 Qxg4 55. Qf4 Qg6 56. h4 Qc2+ 57. Kf3 Qc3+ 58. Ke4
Qc6+ 59. Kf5 Qd7+ 60. Kg5 Qe7+ 61. Qf6 Qe3+ 62. Kh5 Qe2+ 63. g4 d5 64. Kh6 1-0

[Event "11eme Open International de Saint-Affri"]
[Site "SAINT-AFFRIQUE (12)"]
[Date "????.??.??"]
[Round "5.2"]
[White "Bratanov, Zsivko"]
[Black "Popchev, Milko"]
[Result "1-0"]
[WhiteElo "2396"]
[BlackElo "2451"]
[PlyCount "91"]

1. d4 d5 2. c4 e6 3. Nf3 c6 4. Bg5 f6 5. Bf4 dxc4 6. Qc2 b5 7. e4 Bb7 8. Nbd2
c5 9. Be3 Nc6 10. dxc5 e5 11. Qc3 Nh6 12. h3 Nf7 13. Be2 Be7 14. O-O O-O 15. b4
a5 16. a3 Qc7 17. Nxc4 bxc4 18. Bxc4 Ncd8 19. Nd2 Kh8 20. b5 a4 21. Rfc1 Ng5
22. c6 Rc8 23. Bd5 Qb8 24. Qa5 Nge6 25. Ba7 Qa8 26. Nc4 Rxc6 27. bxc6 Nxc6 28.
Bxc6 Bxc6 29. f3 Nf4 30. Kh2 Qe8 31. Rc2 Bd7 32. g4 Qg6 33. Be3 Qh6 34. Bxf4
Qxf4+ 35. Kg2 Be6 36. Qa7 Rf7 37. Qe3 g5 38. Qxf4 gxf4 39. Rb1 Bf8 40. Rb6 Bxc4
41. Rxc4 Bxa3 42. Rxa4 Bc5 43. Rc6 Be3 44. Rac4 Ra7 45. Rc8+ Kg7 46. R4c7+ 1-0

[Event "11eme Open International de Saint-Affri"]
[Site "SAINT-AFFRIQUE (12)"]
[Date "????.??.??"]
[Round "5.3"]
[White "Degraeve, Jean-Marc"]
[Black "David, Vincent"]
[Result "1-0"]
[WhiteElo "2541"]
[BlackElo "2333"]
[PlyCount "51"]

1. e4 e6 2. d4 d5 3. Nd2 c5 4. Ngf3 Nf6 5. e5 Nfd7 6. c3 Nc6 7. Bd3 cxd4 8.
cxd4 f6 9. exf6 Nxf6 10. O-O Bd6 11. Nb3 O-O 12. Bg5 Qc7 13. Re1 Nh5 14. Rc1
Qf7 15. Be3 g6 16. Bb5 Nd8 17. Ne5 Qg7 18. Nc5 Nf7 19. Ncd3 a6 20. Ba4 Nf6 21.
Rc2 Rd8 22. Bf4 Nh5 23. Nxf7 Qxf7 24. Bxd6 Rxd6 25. Ne5 Qf8 26. Rc7 1-0

[Event "11eme Open International de Saint-Affri"]
[Site "SAINT-AFFRIQUE (12)"]
[Date "????.??.??"]
[Round "5.5"]
[White "Meijers, Viesturs"]
[Black "Midoux, Sebastien"]
[Result "1-0"]
[WhiteElo "2483"]
[BlackElo "2295"]
[PlyCount "73"]

1. e4 c6 2. d4 d5 3. exd5 cxd5 4. Bd3 Nc6 5. c3 Nf6 6. h3 Qc7 7. Nf3 e6 8. O-O
Bd6 9. Re1 b6 10. Nbd2 O-O 11. Qe2 Bd7 12. Ne5 Rfc8 13. Ndf3 Be8 14. Bd2 Rab8
15. Rac1 b5 16. Ng4 Qd8 17. Bb1 Bf8 18. Nfh2 Nxg4 19. hxg4 Ne7 20. Nf3 g6 21.
g3 Bg7 22. Kg2 Kf8 23. Rh1 Ng8 24. Ne5 Rb6 25. Rce1 a5 26. a3 Rcb8 27. Qf3 Qf6
28. Qd3 Qd8 29. Re3 R8b7 30. Rf3 Ke7 31. Qe2 Qc8 32. Nd3 Kd8 33. Nc5 Re7 34.
Nd3 Qc4 35. Qe1 Kc8 36. Nc5 Kb8 37. b3 1-0

[Event "11eme Open International de Saint-Affri"]
[Site "SAINT-AFFRIQUE (12)"]
[Date "????.??.??"]
[Round "5.12"]
[White "Van Elst, Andreas"]
[Black "Hebden, Mark"]
[Result "0-1"]
[WhiteElo "2271"]
[BlackElo "2544"]
[PlyCount "80"]

1. d4 Nf6 2. c4 g6 3. Nc3 Bg7 4. e4 d6 5. Nf3 O-O 6. Be2 e5 7. O-O Nc6 8. d5
Ne7 9. Ne1 Nd7 10. Be3 f5 11. f3 f4 12. Bf2 g5 13. Rc1 a6 14. Nd3 Rf6 15. c5
Rh6 16. cxd6 cxd6 17. a4 Kh8 18. Qb3 Qe8 19. Kh1 Nf6 20. g4 fxg3 21. Bxg3 Ng6
22. Rg1 Nf4 23. Bxf4 gxf4 24. Nf2 Nh5 25. Rg2 Qd8 26. Kg1 Bf6 27. Ncd1 Bh4 28.
Qc3 Qe8 29. a5 Rg6 30. Rxg6 Qxg6+ 31. Kf1 Bd7 32. Ng4 Nf6 33. Ndf2 Nxg4 34.
fxg4 Bxf2 35. Kxf2 Qxe4 36. Bf3 Qg6 37. Qc7 Bxg4 38. Bxg4 Qxg4 39. Rg1 Rc8 40.
Rxg4 Rxc7 0-1

[Event "11eme Open International de Saint-Affri"]
[Site "SAINT-AFFRIQUE (12)"]
[Date "????.??.??"]
[Round "5.17"]
[White "Leygue, Dominique"]
[Black "Maze, Sebastien"]
[Result "1-0"]
[WhiteElo "2228"]
[BlackElo "2412"]
[PlyCount "83"]

1. e4 c5 2. Nc3 Nc6 3. g3 g6 4. Bg2 Bg7 5. d3 d6 6. Be3 Nf6 7. h3 O-O 8. Qd2
Bd7 9. Bh6 Nd4 10. Bxg7 Kxg7 11. Nd1 e5 12. Ne3 h5 13. c3 Nc6 14. Ne2 b5 15.
O-O b4 16. f4 bxc3 17. bxc3 Rb8 18. fxe5 Nxe5 19. d4 cxd4 20. cxd4 Nc6 21. Nc4
d5 22. exd5 Nb4 23. Nf4 a5 24. Ne5 Rb5 25. a3 Nbxd5 26. Nxd5 Nxd5 27. a4 Rb4
28. Bxd5 Bxh3 29. Bg2 Bxg2 30. Kxg2 Qxd4 31. Qxd4 Rxd4 32. Rad1 Re4 33. Rd5 Re8
34. Nxf7 R8e7 35. Ng5 Rxa4 36. Rd6 Ra2+ 37. Kh3 Ree2 38. Rf7+ Kh6 39. Nf3 Ra1
40. g4 Rh1+ $4 (40... hxg4+ 41. Kxg4 Re8 $16) 41. Kg3 hxg4 42. Rdd7 $1 1-0

[Event "11eme Open International de Saint-Affri"]
[Site "SAINT-AFFRIQUE (12)"]
[Date "????.??.??"]
[Round "5.24"]
[White "Saez, Frederic"]
[Black "Ouakhir, Mehdi"]
[Result "0-1"]
[WhiteElo "2293"]
[BlackElo "2164"]
[PlyCount "66"]

1. e4 e5 2. Nf3 Nc6 3. Bb5 d6 4. O-O Bd7 5. c3 Nf6 6. Re1 Be7 7. d4 O-O 8. b3
Nxd4 9. Nxd4 exd4 10. Bxd7 Qxd7 11. Qxd4 Rfe8 12. Bb2 c5 13. Qd2 Qc6 14. f3 d5
15. e5 Nd7 16. f4 Rad8 17. Na3 c4 18. b4 a5 19. Nc2 Qb6+ 20. Kh1 Nb8 21. bxa5
Qxa5 22. f5 f6 23. Nd4 fxe5 24. Rxe5 Bf6 25. Rxe8+ Rxe8 26. Re1 Qd8 27. Ne6 Qd7
28. Rd1 g6 29. Nf4 Qxf5 30. Nxd5 Nc6 31. Nxf6+ Qxf6 32. Qd5+ Qf7 33. h3 Re1+
0-1

[Event "11eme Open International de Saint-Affri"]
[Site "SAINT-AFFRIQUE (12)"]
[Date "????.??.??"]
[Round "5.41"]
[White "Roujanski, Patrice"]
[Black "Remille, Tristan"]
[Result "1-0"]
[WhiteElo "2092"]
[BlackElo "1600"]
[PlyCount "35"]

1. e4 e6 2. d4 d5 3. e5 c5 4. c3 Qb6 5. Nf3 Nc6 6. Bd3 Bd7 7. dxc5 Bxc5 8. Qe2
a5 9. O-O Nge7 10. Bf4 Ng6 11. Bg3 Rc8 12. Nbd2 Na7 13. c4 Bc6 14. b3 Ke7 15.
Rad1 f5 16. exf6+ gxf6 17. Rfe1 e5 18. Bxg6 1-0

[Event "11eme Open International de Saint-Affri"]
[Site "SAINT-AFFRIQUE (12)"]
[Date "????.??.??"]
[Round "5.50"]
[White "Redon, Philippe"]
[Black "Barbosa, Joao"]
[Result "1-0"]
[WhiteElo "2050"]
[BlackElo "1880"]
[PlyCount "43"]

1. e4 c5 2. Nf3 d6 3. c3 Nf6 4. Be2 Nc6 5. d4 cxd4 6. cxd4 g6 7. O-O Bg7 8. Nc3
O-O 9. h3 Nd7 10. Be3 b6 11. Rc1 Bb7 12. d5 Nce5 13. Nd4 Rc8 14. b3 Nc5 15. f4
Ned7 16. b4 Na6 17. a3 Nc7 18. Nc6 Bxc6 19. dxc6 Nf6 20. Qa4 Ra8 21. Rfd1 b5
22. Bxb5 1-0

[Event "11eme Open International de Saint-Affri"]
[Site "SAINT-AFFRIQUE (12)"]
[Date "????.??.??"]
[Round "6.1"]
[White "Degraeve, Jean-Marc"]
[Black "Kosten, Anthony C"]
[Result "1-0"]
[WhiteElo "2541"]
[BlackElo "2514"]
[PlyCount "87"]

1. e4 e5 2. Nf3 Nc6 3. Bb5 a6 4. Ba4 Nf6 5. O-O Be7 6. Re1 b5 7. Bb3 d6 8. c3
O-O 9. h3 Na5 10. Bc2 c5 11. d4 Qc7 12. Nbd2 cxd4 13. cxd4 Rd8 14. d5 Bd7 15.
Nf1 Rdc8 16. Bd3 Nb7 17. Ng3 Nc5 18. Bf1 Qd8 19. Nh2 g6 20. f4 exf4 21. Bxf4
Bf8 22. Nf3 Qb6 23. Be3 Qd8 24. Bd4 Bg7 25. Rc1 Be8 26. e5 Nxd5 27. exd6 Ne6
28. Rxc8 Bxd4+ 29. Nxd4 Rxc8 30. Nxe6 fxe6 31. Ne4 Bc6 32. Qd4 Qf8 33. Qe5 Bd7
34. b4 $1 Rc6 35. a4 $1 Qf5 (35... bxa4 36. b5 Rc2 37. bxa6) 36. Qd4 bxa4 37.
b5 axb5 38. Bxb5 Rc2 39. Bxd7 Rxg2+ 40. Kxg2 Nf4+ 41. Kf3 Qxh3+ 42. Kxf4 g5+
43. Nxg5 Qh4+ 44. Ke5 1-0

[Event "11eme Open International de Saint-Affri"]
[Site "SAINT-AFFRIQUE (12)"]
[Date "????.??.??"]
[Round "6.2"]
[White "Meijers, Viesturs"]
[Black "Bratanov, Zsivko"]
[Result "1-0"]
[WhiteElo "2483"]
[BlackElo "2396"]
[PlyCount "89"]

1. e4 d5 2. exd5 Qxd5 3. d4 Nc6 4. Nf3 e5 5. Nc3 Bb4 6. Bd2 Bxc3 7. Bxc3 e4 8.
Ne5 Nxe5 9. dxe5 Ne7 10. g3 Bf5 11. Bg2 Qc4 12. Qd4 Qxd4 13. Bxd4 O-O-O 14.
O-O-O Bg4 15. Rd2 Nf5 16. c3 Bf3 17. Bxf3 exf3 18. Rd3 Rhe8 19. Rhd1 g6 20.
Rxf3 h5 21. Rfd3 b6 22. b4 Rd5 23. f4 Kb7 24. Kc2 a6 25. a4 Kc6 26. c4 Rdd8 27.
Bf2 Rxd3 28. Rxd3 g5 29. b5+ axb5 30. axb5+ Kb7 31. Rd7 gxf4 32. gxf4 f6 33.
Rf7 Re6 34. Rxf6 Rxf6 35. exf6 Nd6 36. c5 bxc5 37. Bxc5 Nf7 38. Kd3 Kc8 39. Ke4
Nh6 40. h3 Kd7 41. Bf8 Nf7 42. Kf5 Nh8 43. Bg7 Nf7 44. Kg6 Ke8 45. Kxh5 1-0

[Event "11eme Open International de Saint-Affri"]
[Site "SAINT-AFFRIQUE (12)"]
[Date "????.??.??"]
[Round "6.3"]
[White "Voiska, Margarita"]
[Black "Gozzoli, Yannick"]
[Result "1/2-1/2"]
[WhiteElo "2353"]
[BlackElo "2445"]
[PlyCount "20"]

1. c4 Nf6 2. g3 g6 3. Bg2 Bg7 4. Nc3 O-O 5. e3 c5 6. Nge2 Nc6 7. O-O d6 8. h3
a6 9. a3 Rb8 10. Rb1 Bd7 1/2-1/2

[Event "11eme Open International de Saint-Affri"]
[Site "SAINT-AFFRIQUE (12)"]
[Date "????.??.??"]
[Round "6.4"]
[White "Todorov, Ognjan"]
[Black "Boudre, Jean-Pierre"]
[Result "1/2-1/2"]
[WhiteElo "2339"]
[BlackElo "2392"]
[PlyCount "37"]

1. d4 d5 2. Nf3 Nf6 3. c4 c6 4. cxd5 cxd5 5. Nc3 Nc6 6. Bf4 Bf5 7. e3 e6 8. Qb3
Bb4 9. Bb5 O-O 10. O-O Bxc3 11. Bxc6 Bxb2 12. Bxb7 Bxa1 13. Rxa1 Rc8 14. Bxc8
Qxc8 15. Qa3 Qb7 16. Rc1 Rc8 17. Rxc8+ Qxc8 18. Ne5 a6 19. h3 1/2-1/2

[Event "11eme Open International de Saint-Affri"]
[Site "SAINT-AFFRIQUE (12)"]
[Date "????.??.??"]
[Round "6.5"]
[White "Battaglini, Gabriel"]
[Black "Mrdja, Milan"]
[Result "0-1"]
[WhiteElo "2338"]
[BlackElo "2384"]
[PlyCount "42"]

1. d4 c5 2. d5 e6 3. e4 d6 4. Nc3 a6 5. a4 Nf6 6. h3 Be7 7. Bd3 O-O 8. Nf3 e5
9. g4 Nbd7 10. g5 Nh5 11. h4 g6 12. Ne2 f6 13. gxf6 Ndxf6 14. Bh6 Re8 15. c4
Ng4 16. Qd2 Bf6 17. Bg5 Rf8 18. Neg1 Bd7 19. Nh3 Qe8 20. Rg1 Bg7 21. Be2 h6 0-1

[Event "11eme Open International de Saint-Affri"]
[Site "SAINT-AFFRIQUE (12)"]
[Date "????.??.??"]
[Round "6.8"]
[White "Sulava, Nenad"]
[Black "Simon, Olivier"]
[Result "1-0"]
[WhiteElo "2479"]
[BlackElo "2315"]
[PlyCount "41"]

1. Nf3 Nf6 2. g3 g6 3. b3 Bg7 4. Bb2 O-O 5. Bg2 d6 6. d4 e5 7. dxe5 Ng4 8. Nc3
Nxe5 9. Nxe5 Bxe5 10. Qd2 Nc6 11. h4 h5 12. O-O-O Be6 13. f3 f5 14. f4 Bg7 15.
e4 Qe7 16. Rhe1 Qd7 17. e5 Rad8 18. exd6 Bf7 19. Nd5 Bxb2+ 20. Kxb2 Qxd6 21.
Qc3 1-0

[Event "11eme Open International de Saint-Affri"]
[Site "SAINT-AFFRIQUE (12)"]
[Date "2003.??.??"]
[Round "6.10"]
[White "Petrossian, Armen"]
[Black "Vallin, Guillaume"]
[Result "1-0"]
[WhiteElo "2230"]
[BlackElo "2430"]
[PlyCount "97"]

1. e4 e6 2. d4 d5 3. Nd2 Nf6 4. e5 Nfd7 5. c3 c5 6. Bd3 Nc6 7. Ne2 cxd4 8. cxd4
f6 9. exf6 Nxf6 10. O-O Bd6 11. f4 Qb6 12. Kh1 Bd7 13. Nf3 O-O 14. a3 a5 15.
Nc3 Kh8 16. Qe2 Rad8 17. Be3 Ne7 18. Ne5 Be8 19. g4 Rc8 20. Rf3 Kg8 21. Rh3 Qd8
22. Rd1 Qc7 23. g5 Ne4 24. Nxe4 dxe4 25. Bxe4 Nf5 26. Rc1 Qd8 27. Rxc8 Qxc8 28.
Qc4 Qxc4 29. Nxc4 Bc7 30. Bd2 b6 31. d5 Bf7 32. d6 Bb8 33. d7 Rd8 34. Nxb6 Bc7
35. Bxa5 Bxf4 36. Rc3 Kf8 37. Bb4+ Bd6 38. Bxf5 Bxb4 39. axb4 exf5 40. Re3 f4
41. Re5 f3 42. Kg1 Bh5 43. h3 Kf7 44. Kf2 Kf8 45. Rc5 Ke7 46. Rc8 Bf7 47. Kxf3
Be6 48. h4 g6 49. Ke3 1-0

[Event "11eme Open International de Saint-Affri"]
[Site "SAINT-AFFRIQUE (12)"]
[Date "????.??.??"]
[Round "6.17"]
[White "Lecoq, Julien"]
[Black "Estremera Panos, Sergio"]
[Result "0-1"]
[WhiteElo "2095"]
[BlackElo "2370"]
[PlyCount "28"]

1. e4 c5 2. Nf3 Nc6 3. d4 cxd4 4. Nxd4 Nf6 5. Nc3 d6 6. Be2 e5 7. Nb3 Be7 8.
O-O O-O 9. Be3 a5 10. f4 a4 11. Nd2 a3 12. b3 Nd4 13. Nf3 Qa5 14. Qd3 $4 Qxc3
0-1

[Event "11eme Open International de Saint-Affri"]
[Site "SAINT-AFFRIQUE (12)"]
[Date "????.??.??"]
[Round "6.18"]
[White "Crut, Aurelien"]
[Black "Redon, Philippe"]
[Result "1-0"]
[WhiteElo "2370"]
[BlackElo "2050"]
[PlyCount "37"]

1. e4 e5 2. Nf3 Nc6 3. Bb5 a6 4. Bxc6 dxc6 5. O-O Ne7 6. Nxe5 Qd4 7. Qh5 g6 8.
Qg5 Bg7 9. Nd3 f5 10. e5 c5 11. b3 h6 12. Qe3 Qxa1 13. Nc3 O-O 14. Qxc5 Rf7 15.
Bb2 Qxf1+ 16. Kxf1 f4 17. Nxf4 b6 18. Qxc7 Nd5 19. Qd8+ 1-0

[Event "11eme Open International de Saint-Affri"]
[Site "SAINT-AFFRIQUE (12)"]
[Date "????.??.??"]
[Round "6.24"]
[White "Saada, Julien"]
[Black "Delorme, Laurie"]
[Result "1-0"]
[WhiteElo "2245"]
[BlackElo "2002"]
[PlyCount "33"]

1. d4 d5 2. Nf3 Nf6 3. e3 g6 4. c4 Bg7 5. Nc3 O-O 6. Qb3 dxc4 7. Bxc4 h6 8. O-O
c6 9. a4 Nbd7 10. e4 Qc7 11. e5 Nd5 12. Bxd5 cxd5 13. Nxd5 Qd8 14. e6 Nf6 15.
Nf4 g5 16. exf7+ Rxf7 17. Ne5 1-0

[Event "11eme Open International de Saint-Affri"]
[Site "SAINT-AFFRIQUE (12)"]
[Date "????.??.??"]
[Round "6.49"]
[White "Poloni, Pierre-Marie"]
[Black "Casier, Fabrice"]
[Result "1-0"]
[WhiteElo "2075"]
[BlackElo "1700"]
[PlyCount "29"]

1. e4 d5 2. exd5 Qxd5 3. Nc3 Qa5 4. Nf3 Bf5 5. Bc4 Nf6 6. O-O e6 7. d4 c6 8.
Qe2 Be7 9. Ne5 O-O 10. Nd1 Nbd7 11. Ne3 Be4 12. f3 Bd5 $2 13. Bd3 c5 14. Nxd7
Nxd7 15. Nxd5 1-0

[Event "11eme Open International de Saint-Affri"]
[Site "SAINT-AFFRIQUE (12)"]
[Date "????.??.??"]
[Round "6.55"]
[White "Flandre, Xavier"]
[Black "Bonvalot, Isabelle"]
[Result "1-0"]
[WhiteElo "1670"]
[BlackElo "1993"]
[PlyCount "76"]

1. e4 g6 2. d4 Bg7 3. f4 c5 4. Nf3 cxd4 5. Nxd4 d6 6. c3 Nf6 7. Nd2 O-O 8. Bd3
e5 9. fxe5 dxe5 10. Nb5 Qxd3 11. Nc7 Bg4 12. Nf3 Qxe4+ 13. Kf2 Qc6 14. Nxa8 e4
15. Nd4 e3+ 16. Bxe3 Ne4+ 17. Kg1 Bxd4 18. Qxd4 Na6 19. Bh6 Qc5 20. Qxc5 Nexc5
21. Bxf8 Kxf8 22. h3 Bd7 23. Kh2 Bc6 24. Rhe1 Ne6 25. Re3 b6 26. Rf1 Kg7 27.
Nxb6 axb6 28. a3 Nac5 29. Rd1 Ne4 30. g4 f5 31. Rd6 f4 32. Rxe4 Bxe4 33. Rxe6
Bd3 34. Rxb6 h5 35. gxh5 gxh5 36. h4 f3 37. Kg1 Bf5 38. Kf2 Bg4 1-0

[Event "11eme Open International de Saint-Affri"]
[Site "SAINT-AFFRIQUE (12)"]
[Date "????.??.??"]
[Round "6.58"]
[White "Remille, Tristan"]
[Black "Hedjazian, Kayhan"]
[Result "1-0"]
[WhiteElo "1600"]
[BlackElo "1950"]
[PlyCount "97"]

1. e4 e6 2. d4 d5 3. e5 c5 4. c3 Nc6 5. Nf3 Qb6 6. Bd3 Bd7 7. dxc5 Bxc5 8. Qe2
Qc7 9. O-O Bb6 10. Bf4 Nge7 11. Nbd2 Rc8 12. c4 Nb4 13. cxd5 Nexd5 14. Bg3 Nxd3
15. Qxd3 a6 16. a4 Qc2 17. Qxc2 Rxc2 18. Ne4 O-O 19. Nd6 Rxb2 20. Rfb1 Rxb1+
21. Rxb1 Bxa4 22. Nd2 Bb5 23. Nxb7 Rc8 24. Nd6 Rc2 25. N2e4 Nc3 26. Nxc3 Rxc3
27. h3 Rc5 28. Rb2 h6 29. Rb1 Rd5 30. Rc1 Rc5 31. Rb1 Ba5 32. f4 Bd2 33. Bf2
Rc1+ 34. Rxc1 Bxc1 35. g3 Ba3 36. h4 Kf8 37. Bb6 Ke7 38. Kf2 Bxd6 39. exd6+
Kxd6 40. Ke3 Kd5 41. Bc7 Kc4 42. Bd6 a5 43. Bf8 a4 44. Bxg7 h5 45. g4 hxg4 46.
h5 g3 47. h6 g2 48. Kf2 a3 49. h7 1-0

[Event "11eme Open International de Saint-Affri"]
[Site "SAINT-AFFRIQUE (12)"]
[Date "????.??.??"]
[Round "7.1"]
[White "Mrdja, Milan"]
[Black "Degraeve, Jean-Marc"]
[Result "0-1"]
[WhiteElo "2384"]
[BlackElo "2541"]
[PlyCount "78"]

1. e4 c5 2. Nf3 Nc6 3. Nc3 Nf6 4. Bb5 Qc7 5. Bxc6 Qxc6 6. e5 Nd5 7. Ne4 d6 8.
O-O Bg4 9. exd6 exd6 10. Re1 Be7 11. Ng3 Nc7 12. d4 Bxf3 13. gxf3 cxd4 14. Nf5
Ne6 15. Nxd4 Qd7 16. Nxe6 fxe6 17. Qe2 e5 18. f4 O-O 19. fxe5 Rae8 20. Be3 dxe5
21. Qc4+ Kh8 22. Qe4 Qh3 23. Kh1 b6 24. Rg1 Bc5 25. Rg3 Qe6 {Zeitnot deja!} 26.
Rag1 Rf7 27. b3 Bxe3 28. fxe3 Rd8 29. c4 g6 $2 (29... Rf2) 30. Qh4 $2 (30. Rxg6
hxg6 31. Qh4+ Kg7 32. Qxd8) 30... Qc6+ 31. e4 Rd6 32. Rg4 Kg7 33. Qg3 Qc5 34.
Rg5 Rf4 35. Rg4 $2 (35. Qxf4 exf4 36. Rxc5 bxc5 37. Rg5 $11) 35... Rdf6 36. h3
Rf3 37. Qg2 Qe3 38. Rg3 Qxe4 39. Rxf3 Rxf3 {Temps} 0-1

[Event "11eme Open International de Saint-Affri"]
[Site "SAINT-AFFRIQUE (12)"]
[Date "????.??.??"]
[Round "7.3"]
[White "Kosten, Anthony C"]
[Black "Voiska, Margarita"]
[Result "1-0"]
[WhiteElo "2514"]
[BlackElo "2353"]
[PlyCount "81"]

1. e4 d6 2. d4 g6 3. Nc3 Bg7 4. Nf3 Nd7 5. Be3 a6 6. a4 b6 7. g3 Bb7 8. Bg2
Ngf6 9. d5 c5 10. dxc6 Bxc6 11. Nd4 Bb7 12. O-O Rb8 13. Nd5 O-O 14. Re1 e6 15.
Nb4 Qc7 16. Qe2 Nc5 17. f3 e5 18. Nb3 d5 19. exd5 Nxd5 20. Nxd5 Bxd5 21. Nxc5
bxc5 22. Qxa6 Rxb2 23. Reb1 Rxc2 24. Qd3 Rxg2+ 25. Kxg2 Qc6 26. Qb5 Bxf3+ 27.
Kg1 Qe6 28. Bxc5 Bc6 29. Qb3 Bd5 30. Qe3 Rc8 31. Rd1 Ba8 32. Rd6 Qh3 33. Qf2
Bf8 34. Rf1 f6 35. Qa2+ Kh8 36. Qf2 Be7 37. Rc6 $1 Rxc6 38. Bxe7 Kg8 39. Qa2+
Kg7 40. Qf2 Qe6 $4 (40... f5) 41. Bxf6+ 1-0

[Event "11eme Open International de Saint-Affri"]
[Site "SAINT-AFFRIQUE (12)"]
[Date "????.??.??"]
[Round "7.4"]
[White "Boudre, Jean-Pierre"]
[Black "Sulava, Nenad"]
[Result "0-1"]
[WhiteElo "2392"]
[BlackElo "2479"]
[PlyCount "58"]

1. e4 c5 2. Nf3 e6 3. d4 cxd4 4. Nxd4 Nf6 5. Nc3 Nc6 6. Nxc6 bxc6 7. e5 Nd5 8.
Ne4 f5 9. exf6 Nxf6 10. Nd6+ Bxd6 11. Qxd6 Ba6 12. c4 Qb6 13. f3 c5 14. Qxb6
axb6 15. Bf4 d5 16. b3 Kf7 17. O-O-O dxc4 18. bxc4 Bxc4 19. Bxc4 Ra4 20. Bb5
Rxf4 21. Rd6 Rb4 22. Rxb6 Nd5 23. Rb7+ Kf6 24. a3 Rb3 25. a4 c4 26. Bc6 Nb4 27.
Be4 Rd8 28. Rc7 c3 29. Bb1 c2 0-1

[Event "11eme Open International de Saint-Affri"]
[Site "SAINT-AFFRIQUE (12)"]
[Date "????.??.??"]
[Round "7.8"]
[White "Gaudineau, Eric"]
[Black "Hebden, Mark"]
[Result "1-0"]
[WhiteElo "2295"]
[BlackElo "2544"]
[PlyCount "73"]

1. e4 e5 2. Bc4 Nf6 3. d3 Nc6 4. Nf3 Be7 5. O-O d6 6. c3 O-O 7. Bb3 Na5 8. Bc2
c5 9. b4 cxb4 10. cxb4 Nc6 11. b5 Na5 12. d4 Qc7 13. Nbd2 Bd7 14. Bb2 Bxb5 15.
dxe5 Ng4 16. exd6 Bxd6 17. e5 Nxe5 18. Nxe5 Bxf1 19. Ng4 Be2 20. Bxh7+ Kxh7 21.
Qxe2 f5 22. Ne5 Qc2 23. Nd3 Kg8 24. Qe6+ Rf7 25. Nf3 Qxd3 26. Ng5 Qc4 27. Qxd6
Re8 28. Qg6 Rfe7 29. Qh7+ Kf8 30. Qxf5+ Kg8 31. Qh7+ Kf8 32. Ba3 Nc6 33. Re1
Qd5 34. Qh8+ Qg8 35. Ne6+ Kf7 36. Qh5+ g6 37. Qf3# 1-0

[Event "11eme Open International de Saint-Affri"]
[Site "SAINT-AFFRIQUE (12)"]
[Date "????.??.??"]
[Round "7.10"]
[White "Calzetta, Monica"]
[Black "Popchev, Milko"]
[Result "1-0"]
[WhiteElo "2242"]
[BlackElo "2451"]
[PlyCount "93"]

1. e4 d6 2. d4 c6 3. Nc3 b5 4. Bd3 g6 5. h3 Bg7 6. Nf3 Nd7 7. O-O a6 8. Bg5 Qc7
9. a4 b4 10. Ne2 Ngf6 11. Ng3 e5 12. a5 h6 13. Be3 Bb7 14. dxe5 dxe5 15. Qc1 c5
16. c3 bxc3 17. Qxc3 Qd6 18. Rfd1 O-O 19. Nd2 Nh7 20. Nc4 Qc7 21. Bc2 Bc6 22.
Rd6 Rfd8 23. Rad1 Ndf8 24. Qd2 Bb5 25. Bb3 Ne6 26. Bxh6 Nhf8 27. Bxg7 Kxg7 28.
Nxe5 c4 29. Nxc4 Bxc4 30. Rxd8 Qxd8 31. Qc3+ Qf6 32. Qxf6+ Kxf6 33. Bxc4 Ke7
34. e5 Nd7 35. Bxe6 fxe6 36. f4 g5 37. fxg5 Nxe5 38. h4 Rb8 39. Rc1 Rxb2 40.
Rc7+ Kd6 41. Ra7 Ng4 42. Rxa6+ Ke5 43. Rb6 Ra2 44. Rb5+ Kf4 45. Nf1 Ra1 46. g6
Ne3 47. Rb4+ 1-0